[Event "Quebec op"]
[Site "Longueuil CAN"]
[Date "2019.07.20"]
[Round "1.2"]
[White "Lesiege, Alexandre"]
[Black "Robichaud, Louis"]
[Result "1-0"]
[WhiteElo "2500"]
[BlackElo "2026"]
[WhiteFideId "-1"]
[WhiteFideId "-1"]
[PlyCount "153"]
[GameId "2160767907850613"]
[EventDate "2019.07.20"]
[EventType "swiss"]
[EventRounds "9"]
[EventCountry "CAN"]
[SourceTitle "hb 2019"]

1. e4 e5 2. Nf3 Nc6 3. Bc4 Bc5 4. O-O Nf6 5. d3 O-O 6. a4 d6 7. c3 a5 8. Nbd2 Qe7 9. h3 Bb6 10. Bb3 Be6 11. Nc4 Ba7 12. Be3 Bxc4 13. Bxc4 Bxe3 14. fxe3 Nd8 15. Nh4 g6 16. Nf3 c6 17. Qe1 d5 18. exd5 Nxd5 19. e4 Nb6 20. Bb3 Kg7 21. Qg3 f6 22. Rf2 Nf7 23. Raf1 Nd6 24. Nh2 Nd7 25. Ng4 h5 26. Ne3 Nc5 27. Bc2 Qe8 28. h4 Rd8 29. Rf3 Ne6 30. Qf2 Nf4 31. Kh2 Nf7 32. g3 Nxd3 33. Bxd3 Rxd3 34. Rxf6 Qd7 35. Nc4 Rd1 36. Rxd1 Qxd1 37. Kg2 Qd8 38. Rf3 b5 39. Na3 Nd6 40. Rxf8 Qxf8 41. Qa7+ Qf7 42. Qc5 Nxe4 43. Qxe5+ Nf6 44. axb5 cxb5 45. Nxb5 Qb7+ 46. Kf2 Kh7 47. Kg1 Qf3 48. Nd4 Qd1+ 49. Kg2 Ng4 50. Qe7+ Kh6 51. Qf8+ Kh7 52. Qf7+ Kh6 53. Qf4+ Kh7 54. Qc7+ Kh6 55. Qf4+ Kh7 56. Qe4 a4 57. Nf3 Qd7 58. c4 Qa7 59. Ng5+ Kg7 60. c5 Qd7 61. Ne6+ Kf7 62. Ng5+ Kg7 63. Nf3 Qb5 64. Qe7+ Kg8 65. Qd8+ Kg7 66. Qd4+ Kg8 67. Ng1 Qb7+ 68. Kf1 Nh2+ 69. Kf2 Ng4+ 70. Kf1 Nh2+ 71. Ke2 Qg2+ 72. Kd1 Ng4 73. Ne2 Qf1+ 74. Kd2 Nf2 75. Qxa4 Qb1 76. Qc4+ Kg7 77. Qd4+ 1-0

[Event "Quebec op"]
[Site "Longueuil CAN"]
[Date "2019.07.21"]
[Round "2.2"]
[White "Feoktistov, Dmitri"]
[Black "Lesiege, Alexandre"]
[Result "0-1"]
[WhiteElo "2139"]
[BlackElo "2500"]
[WhiteFideId "-1"]
[WhiteFideId "-1"]
[PlyCount "48"]
[GameId "2160767907850636"]
[EventDate "2019.07.20"]
[EventType "swiss"]
[EventRounds "9"]
[EventCountry "CAN"]
[SourceTitle "hb 2019"]

1. d4 Nf6 2. c4 e6 3. Nc3 Bb4 4. Qc2 O-O 5. e4 d5 6. e5 Ne4 7. a3 Bxc3+ 8. bxc3 c5 9. Bb2 Nc6 10. O-O-O f6 11. f3 Ng5 12. h4 Nf7 13. f4 Nh6 14. Be2 cxd4 15. cxd4 Na5 16. g4 f5 17. g5 Ng4 18. Bxg4 fxg4 19. f5 exf5 20. cxd5 f4 21. e6 Qxd5 22. Ne2 Bxe6 23. Nc3 Nb3+ 24. Kb1 Qxh1 0-1

[Event "Quebec op"]
[Site "Longueuil CAN"]
[Date "2019.07.21"]
[Round "3"]
[White "Lesiege, Alexandre"]
[Black "Cummings, David"]
[Result "1-0"]
[WhiteElo "2500"]
[BlackElo "2340"]
[WhiteFideId "-1"]
[WhiteFideId "-1"]
[PlyCount "145"]
[GameId "2160767907850655"]
[EventDate "2019.07.20"]
[EventType "swiss"]
[EventRounds "9"]
[EventCountry "CAN"]
[SourceTitle "CBM 191 Extra"]
[Source "ChessBase"]
[SourceDate "2019.09.30"]
[SourceVersion "1"]
[SourceVersionDate "2019.09.30"]
[SourceQuality "1"]

1. d4 Nf6 2. c4 e6 3. g3 d5 4. Bg2 Bb4+ 5. Nd2 O-O 6. Qc2 c5 7. dxc5 Na6 8. Ngf3 Bxc5 9. O-O Bd7 10. a3 Rc8 11. b4 Be7 12. c5 b6 13. Qd3 Nb8 14. cxb6 Qxb6 15. Qd4 Qxd4 16. Nxd4 e5 17. N4f3 Bd6 18. Re1 Rc2 19. e4 d4 20. Bf1 Rfc8 21. Rb1 a6 22. Bb2 Bb5 23. Bxb5 axb5 24. Bxd4 exd4 25. e5 Be7 26. exf6 Bxf6 27. Ne4 Rd8 28. Rbd1 Nc6 29. Kg2 Be7 30. Rc1 Rxc1 31. Rxc1 f5 32. Ned2 Nb8 33. Rc7 Bf6 34. Rc5 Nd7 35. Rxb5 Ra8 36. Nc4 Rc8 37. Nd6 Rc3 38. Nxf5 d3 39. Rb7 Ne5 40. Nd6 Kf8 41. Nd4 h5 42. Ne4 Rxa3 43. Nf3 Nc4 44. Rc7 Nb6 45. Rc5 Be7 46. Rf5+ Ke8 47. Rxh5 Bxb4 48. Rb5 Ba5 49. Ne5 d2 50. Nxd2 Bxd2 51. Rxb6 Bc3 52. Re6+ Kf8 53. h4 Ra2 54. Nf3 Bb4 55. Ng5 Bc5 56. Ne4 Ba7 57. h5 Kf7 58. Ng5+ Kf8 59. Ne4 Kf7 60. Rc6 Bd4 61. Rc4 Bb6 62. Rb4 Ba7 63. Rb7+ Kg8 64. g4 Kh7 65. g5 Bd4 66. Rb8 g6 67. Rb7+ Kg8 68. Rb8+ Kh7 69. Rd8 Be5 70. Re8 Bd4 71. Nf6+ Kg7 72. Rg8+ Kf7 73. hxg6+ 1-0

[Event "Quebec op"]
[Site "Longueuil CAN"]
[Date "2019.07.22"]
[Round "4.1"]
[White "Vera Gonzalez Quevedo, Reynaldo"]
[Black "Lesiege, Alexandre"]
[Result "1/2-1/2"]
[WhiteElo "2424"]
[BlackElo "2500"]
[WhiteFideId "-1"]
[WhiteFideId "-1"]
[PlyCount "45"]
[GameId "2160767907850680"]
[EventDate "2019.07.20"]
[EventType "swiss"]
[EventRounds "9"]
[EventCountry "CAN"]
[SourceTitle "hb 2019"]

1. d4 Nf6 2. Nf3 d5 3. c4 e6 4. e3 Be7 5. Nc3 O-O 6. Bd3 b6 7. O-O Bb7 8. b3 c5 9. Bb2 cxd4 10. exd4 Nc6 11. Rc1 Rc8 12. Re1 Re8 13. cxd5 Nxd5 14. Nxd5 Qxd5 15. Be4 Qh5 16. Re2 Na5 17. Bxb7 Nxb7 18. Rxc8 Rxc8 19. d5 Rd8 20. Qa1 Qxd5 21. Rd2 Qf5 22. Rxd8+ Bxd8 23. Bxg7 1/2-1/2

[Event "Quebec op"]
[Site "Longueuil CAN"]
[Date "2019.07.23"]
[Round "5.2"]
[White "Lesiege, Alexandre"]
[Black "Masse, Hugues"]
[Result "1-0"]
[WhiteElo "2500"]
[BlackElo "2168"]
[WhiteFideId "-1"]
[WhiteFideId "-1"]
[PlyCount "121"]
[GameId "2160767907850704"]
[EventDate "2019.07.20"]
[EventType "swiss"]
[EventRounds "9"]
[EventCountry "CAN"]
[SourceTitle "hb 2019"]

1. e4 e5 2. Nf3 Nf6 3. d3 Nc6 4. Nbd2 g6 5. g3 Bg7 6. Bg2 O-O 7. O-O d5 8. Re1 dxe4 9. dxe4 b6 10. c3 a5 11. Bf1 Bb7 12. a4 Nd7 13. b3 Re8 14. Ba3 Bf8 15. Bxf8 Nxf8 16. Bc4 Ne6 17. Bd5 Ng5 18. Nc4 Nxf3+ 19. Qxf3 Qe7 20. Ne3 Kg7 21. Rad1 Qf6 22. Qe2 Nd8 23. Ng4 Qe7 24. Bxb7 Nxb7 25. Rd5 f6 26. Red1 Rad8 27. Ne3 Qf7 28. Qc4 Nd6 29. Qc6 Re6 30. R5d3 Rde8 31. Nc4 Nxc4 32. Qxc4 R6e7 33. Qb5 Qe6 34. b4 axb4 35. cxb4 h5 36. h4 Qg4 37. Qc6 Qe6 38. Qxe6 Rxe6 39. Rc1 R6e7 40. Rdc3 Rc8 41. Rc6 Kf7 42. a5 bxa5 43. bxa5 Rd7 44. a6 Rd2 45. Rxc7+ Rxc7 46. Rxc7+ Ke6 47. Rg7 Ra2 48. a7 Ra1+ 49. Kg2 Ra3 50. Kf1 Ra4 51. f3 Ra2 52. g4 Kd6 53. Rxg6 hxg4 54. fxg4 Rxa7 55. Rxf6+ Kc5 56. g5 Rh7 57. Rh6 Rf7+ 58. Kg2 Kd4 59. Rf6 Ra7 60. g6 Kxe4 61. h5 1-0

[Event "Quebec op"]
[Site "Longueuil CAN"]
[Date "2019.07.24"]
[Round "6.1"]
[White "Sambuev, Bator"]
[Black "Lesiege, Alexandre"]
[Result "0-1"]
[WhiteElo "2503"]
[BlackElo "2500"]
[WhiteFideId "-1"]
[WhiteFideId "-1"]
[PlyCount "150"]
[GameId "2160767907850725"]
[EventDate "2019.07.20"]
[EventType "swiss"]
[EventRounds "9"]
[EventCountry "CAN"]
[SourceTitle "hb 2019"]

1. Nf3 d5 2. d4 Nf6 3. e3 g6 4. c4 Bg7 5. Nc3 O-O 6. Be2 c5 7. O-O cxd4 8. exd4 Nc6 9. Re1 dxc4 10. Bxc4 a6 11. a3 b5 12. Ba2 Bb7 13. Bg5 Rc8 14. d5 Na5 15. Qe2 h6 16. Bxf6 exf6 17. Nd2 f5 18. Qd3 Qd6 19. Rac1 Rfd8 20. Red1 Rc7 21. b4 Nc6 22. Nf3 Ne7 23. h4 Rdc8 24. Ne2 Rxc1 25. Nxc1 Rc3 26. Qd2 Rxa3 27. Ne2 Ra4 28. Rb1 Bf6 29. h5 g5 30. Ng3 g4 31. Nh2 Be5 32. Nhf1 Ra3 33. Bb3 Rxb3 34. Rxb3 Qxd5 35. Qxd5 Bxd5 36. Ra3 f4 37. Ne2 Bc4 38. Nc3 a5 39. Na2 a4 40. Nd2 Bxa2 41. Rxa2 Nd5 42. Rc2 Bc3 43. Kf1 g3 44. Ke2 gxf2 45. Kxf2 Ne3 46. Ra2 Bxb4 47. Ke2 Bc3 48. Kd3 Nd5 49. Rc2 b4 50. Ra2 a3 51. Nb3 Bb2 52. Rxb2 axb2 53. Kc2 Ne3+ 54. Kxb2 Nxg2 55. Nd2 Kg7 56. Kb3 Kf6 57. Kxb4 Kg5 58. Kc4 Kxh5 59. Kd3 Kg4 60. Ke2 Nh4 61. Kf2 Ng6 62. Ne4 Kf5 63. Nd6+ Ke6 64. Ne4 Ne5 65. Kg2 Kf5 66. Nc3 Kg4 67. Nd5 h5 68. Nf6+ Kg5 69. Nd5 Kf5 70. Nc3 Kg4 71. Nd5 f3+ 72. Kf2 Nd3+ 73. Kf1 h4 74. Kg1 f2+ 75. Kf1 h3 0-1

[Event "Quebec op"]
[Site "Longueuil CAN"]
[Date "2019.07.25"]
[Round "7.1"]
[White "Lesiege, Alexandre"]
[Black "Roussel-Roozmon, Thomas"]
[Result "0-1"]
[WhiteElo "2500"]
[BlackElo "2463"]
[WhiteFideId "-1"]
[WhiteFideId "-1"]
[PlyCount "122"]
[GameId "2160767907850749"]
[EventDate "2019.07.20"]
[EventType "swiss"]
[EventRounds "9"]
[EventCountry "CAN"]
[SourceTitle "hb 2019"]

1. Nf3 Nf6 2. c4 c5 3. Nc3 e6 4. g3 b6 5. Bg2 Bb7 6. O-O d6 7. d4 cxd4 8. Qxd4 a6 9. Rd1 Be7 10. b3 Nbd7 11. e4 Qc8 12. Ba3 Nc5 13. Rac1 O-O 14. Qe3 Qc7 15. Nd4 Rac8 16. f4 Rfe8 17. Qe2 Bf8 18. e5 dxe5 19. fxe5 Bxg2 20. Kxg2 Nfd7 21. Nf3 Nxb3 22. axb3 Bxa3 23. Ra1 Bb4 24. Na2 Be7 25. Nc3 Bb4 26. Na2 Be7 27. Nc3 Ra8 28. Rab1 Red8 29. Rd3 Nc5 30. Re3 Rd7 31. b4 Nb7 32. Kh3 h6 33. Rb2 Rad8 34. Rb1 Bf8 35. g4 Be7 36. g5 hxg5 37. Rg1 g6 38. Ne4 Kg7 39. Nf6 Rh8+ 40. Kg2 Rdd8 41. Rb1 a5 42. b5 Nc5 43. h3 Nd7 44. Ng4 Qb7 45. Kh2 a4 46. Rf1 Rhf8 47. Nd4 Nxe5 48. Nxe5 Rxd4 49. Qb2 Rf4 50. Ng4+ Kh7 51. Rfe1 Rd8 52. Qe2 Qd7 53. Ne5 Qd2 54. Kh1 Qxe2 55. R1xe2 Bc5 56. Rg3 Rd1+ 57. Kh2 Bd6 58. c5 Bxe5 59. Rxe5 Rf2+ 60. Rg2 Rxg2+ 61. Kxg2 bxc5 0-1

[Event "Quebec op"]
[Site "Longueuil CAN"]
[Date "2019.07.26"]
[Round "8.2"]
[White "Ouellet, Maili-Jade"]
[Black "Lesiege, Alexandre"]
[Result "1/2-1/2"]
[WhiteElo "2079"]
[BlackElo "2500"]
[WhiteFideId "-1"]
[WhiteFideId "-1"]
[PlyCount "120"]
[GameId "2160767907850771"]
[EventDate "2019.07.20"]
[EventType "swiss"]
[EventRounds "9"]
[EventCountry "CAN"]
[SourceTitle "hb 2019"]

1. d4 d5 2. c4 e6 3. Nc3 c6 4. Nf3 dxc4 5. Bg5 Be7 6. Bxe7 Nxe7 7. e4 b5 8. a4 b4 9. Na2 a5 10. Bxc4 Nd7 11. O-O O-O 12. Nc1 c5 13. Nb3 Bb7 14. Re1 cxd4 15. Nfxd4 Nf6 16. Nc5 Bc8 17. Nb5 Ba6 18. Qxd8 Rfxd8 19. Nxa6 Rxa6 20. Rad1 Raa8 21. f3 Nc6 22. Nd6 g5 23. e5 Nh5 24. g3 Kf8 25. Bb5 Na7 26. Bd3 h6 27. Be4 Rab8 28. Nb7 Rdc8 29. b3 f5 30. exf6 Nxf6 31. Nxa5 Rc3 32. Rd6 Nxe4 33. Rxe4 Rxf3 34. Rd7 Rf7 35. Rxa7 Rxa7 36. Nc6 Rab7 37. Nxb8 Rxb8 38. Rxe6 Kg7 39. a5 Rb5 40. a6 Ra5 41. Rb6 Ra3 42. Rb7+ Kf6 43. a7 Ra2 44. g4 Ke5 45. Kf1 Kd5 46. Ke1 Kc6 47. Rh7 Kc5 48. Kd1 Kd4 49. Rc7 Ke3 50. Rf7 Kd3 51. Kc1 Kc3 52. Kb1 Ra3 53. Rf3+ Kd4 54. Rh3 Rxa7 55. Rxh6 Re7 56. Rc6 Kd3 57. h3 Re1+ 58. Kb2 Re2+ 59. Kb1 Re1+ 60. Kb2 Re2+ 1/2-1/2

[Event "Quebec op"]
[Site "Longueuil CAN"]
[Date "2019.07.27"]
[Round "9.3"]
[White "Lesiege, Alexandre"]
[Black "Chiku-Ratte, Olivier-Kenta"]
[Result "1-0"]
[WhiteElo "2500"]
[BlackElo "2364"]
[WhiteFideId "-1"]
[WhiteFideId "-1"]
[PlyCount "73"]
[GameId "2160767907850794"]
[EventDate "2019.07.20"]
[EventType "swiss"]
[EventRounds "9"]
[EventCountry "CAN"]
[SourceTitle "hb 2019"]

1. e4 c5 2. Nf3 Nc6 3. Bb5 g6 4. Bxc6 dxc6 5. d3 Bg7 6. h3 Nf6 7. O-O Nd7 8. Nc3 e5 9. Be3 O-O 10. Qd2 Re8 11. a3 a5 12. Nh2 Qe7 13. f4 exf4 14. Rxf4 b6 15. Rf2 Ne5 16. Raf1 f6 17. Nf3 Nd7 18. Bh6 Bh8 19. Qf4 Nf8 20. Qg3 Bg7 21. Bxg7 Qxg7 22. Nd2 Ne6 23. Nc4 Ba6 24. Ne3 Nd4 25. Rxf6 b5 26. Rf7 Qxf7 27. Rxf7 Kxf7 28. Qd6 b4 29. Na4 bxa3 30. bxa3 Ne6 31. Ng4 Rad8 32. Qe5 Re7 33. Nxc5 Nxc5 34. Qxc5 Bb7 35. Qf2+ Ke6 36. Qf6+ Kd7 37. Ne5+ 1-0

[Event "Quebec-ch"]
[Site "Montreal CAN"]
[Date "2019.03.21"]
[Round "1.1"]
[White "Saha, Ananda"]
[Black "Lesiege, Alexandre"]
[Result "0-1"]
[WhiteElo "2035"]
[BlackElo "2515"]
[WhiteFideId "-1"]
[WhiteFideId "-1"]
[PlyCount "78"]
[GameId "2160767907969250"]
[EventDate "2019.01.21"]
[EventType "k.o."]
[EventRounds "4"]
[EventCountry "CAN"]
[SourceTitle "CBM 189 Extra"]
[Source "ChessBase"]
[SourceDate "2019.05.31"]
[SourceVersion "1"]
[SourceVersionDate "2019.05.31"]
[SourceQuality "1"]

1. Nf3 c5 2. g3 Nc6 3. Bg2 g6 4. O-O Bg7 5. e4 e5 6. d3 Nge7 7. Be3 d6 8. Qd2 O-O 9. c3 f5 10. Na3 b6 11. Bg5 f4 12. gxf4 Bg4 13. f5 gxf5 14. exf5 Qd7 15. Nh4 Nxf5 16. f3 Nxh4 17. fxg4 Nxg2 18. Qxg2 d5 19. Rf5 Nd8 20. Rxf8+ Kxf8 21. Rf1+ Nf7 22. Bf6 Bxf6 23. Rxf6 Re8 24. g5 e4 25. g6 hxg6 26. Qxg6 exd3 27. Qh6+ Ke7 28. Qf4 Rg8+ 29. Kf2 Qh3 30. Rxf7+ Ke8 31. Qe5+ Kxf7 32. Qxd5+ Kg7 33. Qg5+ Kh7 34. Qe7+ Kh6 35. Qf6+ Kh7 36. Qe7+ Rg7 37. Qe4+ Rg6 38. Qe7+ Kh6 39. Qf8+ Kg5 0-1

[Event "Quebec-ch"]
[Site "Montreal CAN"]
[Date "2019.03.22"]
[Round "1.2"]
[White "Lesiege, Alexandre"]
[Black "Saha, Ananda"]
[Result "1-0"]
[WhiteElo "2515"]
[BlackElo "2035"]
[WhiteFideId "-1"]
[WhiteFideId "-1"]
[PlyCount "73"]
[GameId "2160767907969258"]
[EventDate "2019.01.21"]
[EventType "k.o."]
[EventRounds "4"]
[EventCountry "CAN"]
[SourceTitle "CBM 189 Extra"]
[Source "ChessBase"]
[SourceDate "2019.05.31"]
[SourceVersion "1"]
[SourceVersionDate "2019.05.31"]
[SourceQuality "1"]

1. d4 Nf6 2. c4 e6 3. Nf3 d5 4. g3 Be7 5. Bg2 O-O 6. O-O Nbd7 7. Qc2 c6 8. Nbd2 Re8 9. Rd1 Qc7 10. e4 dxe4 11. Nxe4 Nxe4 12. Qxe4 Nf6 13. Qe2 Bd6 14. c5 Be7 15. Bf4 Qd8 16. Ne5 Nd5 17. Bd2 Qc7 18. Rac1 Rf8 19. Re1 Bd7 20. h4 Rae8 21. Ba5 b6 22. cxb6 axb6 23. Bxd5 exd5 24. Bxb6 Qb7 25. Qc2 Bd6 26. Bc5 Bxc5 27. Qxc5 f6 28. Nxd7 Qxd7 29. Rxe8 Rxe8 30. Qxc6 Qxc6 31. Rxc6 Re4 32. a4 Rxd4 33. a5 h6 34. Rc3 Rb4 35. a6 Rb8 36. a7 Ra8 37. Rc7 1-0

[Event "Quebec-ch"]
[Site "Montreal CAN"]
[Date "2019.03.23"]
[Round "2.1"]
[White "Tomb, Maroun"]
[Black "Lesiege, Alexandre"]
[Result "1/2-1/2"]
[WhiteElo "2180"]
[BlackElo "2515"]
[WhiteFideId "-1"]
[WhiteFideId "-1"]
[PlyCount "55"]
[GameId "2160767907969266"]
[EventDate "2019.01.21"]
[EventType "k.o."]
[EventRounds "4"]
[EventCountry "CAN"]
[SourceTitle "CBM 189 Extra"]
[Source "ChessBase"]
[SourceDate "2019.05.31"]
[SourceVersion "1"]
[SourceVersionDate "2019.05.31"]
[SourceQuality "1"]

1. e4 e5 2. Nf3 Nc6 3. Bb5 Nf6 4. O-O Nxe4 5. Re1 Nd6 6. Nxe5 Be7 7. Bf1 Nxe5 8. Rxe5 O-O 9. d4 Bf6 10. Re2 b6 11. Bf4 Nf5 12. c3 d5 13. Nd2 Nh4 14. h3 c6 15. Re1 Bf5 16. Nf3 Nxf3+ 17. Qxf3 Be4 18. Qe3 Qd7 19. Bg5 Bxg5 20. Qxg5 Rfe8 21. Re3 Qd6 22. Rae1 h6 23. Qh5 Kf8 24. Qe2 Re6 25. f3 Bf5 26. Rxe6 Qxe6 27. Qf2 Qd6 28. Re5 1/2-1/2

[Event "Quebec-ch"]
[Site "Montreal CAN"]
[Date "2019.03.23"]
[Round "2.2"]
[White "Lesiege, Alexandre"]
[Black "Tomb, Maroun"]
[Result "1-0"]
[WhiteElo "2515"]
[BlackElo "2180"]
[WhiteFideId "-1"]
[WhiteFideId "-1"]
[PlyCount "45"]
[GameId "2160767907969270"]
[EventDate "2019.01.21"]
[EventType "k.o."]
[EventRounds "4"]
[EventCountry "CAN"]
[SourceTitle "CBM 189 Extra"]
[Source "ChessBase"]
[SourceDate "2019.05.31"]
[SourceVersion "1"]
[SourceVersionDate "2019.05.31"]
[SourceQuality "1"]

1. e4 d6 2. d4 Nf6 3. Nc3 e5 4. Nf3 Nbd7 5. Bc4 Be7 6. O-O h6 7. a4 c6 8. h3 Qc7 9. Nh4 Nf8 10. Re1 g6 11. f4 N6d7 12. Nf3 Bf6 13. Be3 exf4 14. Bxf4 Ne6 15. Bxe6 fxe6 16. e5 dxe5 17. dxe5 Bg7 18. Nh4 Nf8 19. Ne4 Kf7 20. Qg4 Bxe5 21. Bxe5 Qxe5 22. Rf1+ Kg7 23. Rxf8 1-0

[Event "Quebec-ch"]
[Site "Montreal CAN"]
[Date "2019.03.24"]
[Round "3.1"]
[White "Lesiege, Alexandre"]
[Black "Yu, Zong Yang"]
[Result "0-1"]
[WhiteElo "2515"]
[BlackElo "2372"]
[WhiteFideId "-1"]
[WhiteFideId "-1"]
[PlyCount "76"]
[GameId "2160767907969272"]
[EventDate "2019.01.21"]
[EventType "k.o."]
[EventRounds "4"]
[EventCountry "CAN"]
[SourceTitle "CBM 189 Extra"]
[Source "ChessBase"]
[SourceDate "2019.05.31"]
[SourceVersion "1"]
[SourceVersionDate "2019.05.31"]
[SourceQuality "1"]

1. e4 c5 2. Nf3 d6 3. d4 cxd4 4. Nxd4 Nf6 5. Nc3 g6 6. Be3 Bg7 7. f3 Nc6 8. Qd2 O-O 9. O-O-O d5 10. exd5 Nxd5 11. Nxc6 bxc6 12. Bd4 Nxc3 13. Qxc3 Bh6+ 14. Be3 Bxe3+ 15. Qxe3 Qb6 16. Qc3 Be6 17. Bc4 Bxc4 18. Qxc4 Rab8 19. b3 Rfd8 20. h4 Qf2 21. h5 Rxd1+ 22. Rxd1 Qxg2 23. Kb1 Qxf3 24. Rd7 Qh1+ 25. Kb2 Qxh5 26. Rxe7 Qf5 27. Rxa7 Qf6+ 28. Qc3 Qxc3+ 29. Kxc3 h5 30. a4 h4 31. a5 h3 32. Re7 g5 33. Re1 g4 34. Rh1 f5 35. Kd4 Re8 36. a6 f4 37. a7 g3 38. Re1 Ra8 0-1

[Event "Quebec-ch"]
[Site "Montreal CAN"]
[Date "2019.03.24"]
[Round "3.2"]
[White "Yu, Zong Yang"]
[Black "Lesiege, Alexandre"]
[Result "1-0"]
[WhiteElo "2372"]
[BlackElo "2515"]
[WhiteFideId "-1"]
[WhiteFideId "-1"]
[PlyCount "99"]
[GameId "2160767907969275"]
[EventDate "2019.01.21"]
[EventType "k.o."]
[EventRounds "4"]
[EventCountry "CAN"]
[SourceTitle "CBM 189 Extra"]
[Source "ChessBase"]
[SourceDate "2019.05.31"]
[SourceVersion "1"]
[SourceVersionDate "2019.05.31"]
[SourceQuality "1"]

1. d4 Nf6 2. Nf3 d5 3. c4 e6 4. g3 dxc4 5. Bg2 a6 6. O-O Nc6 7. e3 Bd7 8. Qe2 Bd6 9. Qxc4 O-O 10. Nbd2 Rc8 11. Qe2 Na5 12. b3 Bb5 13. Nc4 c5 14. Bd2 cxd4 15. Bxa5 Qxa5 16. Nxd4 Bxc4 17. bxc4 Qc7 18. Rab1 b6 19. Rfd1 Bc5 20. Qf3 e5 21. Nb3 Bb4 22. Qb7 a5 23. Qxc7 Rxc7 24. Rbc1 g6 25. Nd2 b5 26. c5 Ba3 27. Rb1 Rxc5 28. Nb3 Rc2 29. Nxa5 Ng4 30. Rf1 Rb8 31. Nc6 Rb6 32. Nb4 Rc5 33. Rb3 Bxb4 34. Rxb4 Rc4 35. Rfb1 Ra6 36. Bf1 Rxb4 37. Rxb4 Nf6 38. Rb2 Ne4 39. Bxb5 Ra3 40. Bc4 Kg7 41. Bd5 Nc5 42. Rb5 Rc3 43. Ra5 f5 44. Ra7+ Kh8 45. Rc7 e4 46. h3 Rc1+ 47. Kg2 Rc3 48. g4 fxg4 49. hxg4 Na4 50. Ra7 1-0

[Event "Quebec op"]
[Site "Longueuil CAN"]
[Date "2018.07.21"]
[Round "1.3"]
[White "Lesiege, Alexandre"]
[Black "Bouton, Christophe"]
[Result "1-0"]
[WhiteElo "2517"]
[BlackElo "2016"]
[WhiteFideId "-1"]
[WhiteFideId "-1"]
[PlyCount "54"]
[GameId "2160767738996932"]
[EventDate "2018.07.21"]
[EventType "swiss"]
[EventRounds "9"]
[EventCountry "CAN"]
[WhiteClock "0:28:20"]
[BlackClock "0:09:53"]

1. d4 Nf6 2. c4 g6 3. Nc3 d5 4. cxd5 Nxd5 5. e4 Nxc3 6. bxc3 Bg7 7. Be3 c5 8. Rc1 Qa5 9. Qd2 cxd4 10. cxd4 Qxd2+ 11. Bxd2 O-O 12. Nf3 Nc6 13. Be3 e6 14. h4 Rd8 15. e5 Bd7 16. Rb1 Bf8 17. h5 Nb4 18. hxg6 hxg6 19. Bg5 Rdc8 20. Bf6 Nc2+ 21. Kd2 Bg7 22. Bd3 Na3 23. Rbg1 Nc4+ 24. Bxc4 Rxc4 25. Rh2 Rac8 26. Rgh1 Rc2+ 27. Ke3 Bc6 1-0

[Event "Quebec op"]
[Site "Longueuil CAN"]
[Date "2018.07.22"]
[Round "2.3"]
[White "Zhao, Jim"]
[Black "Lesiege, Alexandre"]
[Result "0-1"]
[WhiteElo "2169"]
[BlackElo "2517"]
[WhiteFideId "-1"]
[WhiteFideId "-1"]
[PlyCount "96"]
[GameId "2160767738996937"]
[EventDate "2018.07.21"]
[EventType "swiss"]
[EventRounds "9"]
[EventCountry "CAN"]
[WhiteClock "0:44:19"]
[BlackClock "0:26:36"]

1. Nf3 d5 2. c4 e6 3. b3 Nf6 4. Bb2 Be7 5. g3 O-O 6. Bg2 b6 7. O-O Bb7 8. cxd5 Nxd5 9. d4 Nf6 10. Nbd2 Nbd7 11. Re1 c5 12. e4 Rc8 13. e5 Nd5 14. Ne4 b5 15. dxc5 Nxc5 16. Nd4 Qb6 17. Qe2 b4 18. Rad1 Nxe4 19. Bxe4 Nc3 20. Bxc3 Bxe4 21. Qxe4 bxc3 22. Nc2 Rfd8 23. Ne3 Rd2 24. Rxd2 cxd2 25. Rd1 Rc1 26. Kg2 Rxd1 27. Nxd1 g6 28. Kf3 Qa6 29. Qc2 Qa5 30. Ne3 Bb4 31. Nc4 Qxa2 32. Qxa2 d1=Q+ 33. Kg2 a5 34. h4 h5 35. Qb2 Qd5+ 36. Kh2 a4 37. Qa2 a3 38. Kg1 Bc5 39. Kf1 Qf3 40. Nxa3 Qa8 41. Qc2 Qxa3 42. Kg2 Qb4 43. f4 Qd4 44. Kh3 Kg7 45. Qe2 Qd5 46. Qc2 Qh1+ 47. Qh2 Qf3 48. Qc2 Bf2 0-1

[Event "Quebec op"]
[Site "Longueuil CAN"]
[Date "2018.07.22"]
[Round "3.3"]
[White "Lesiege, Alexandre"]
[Black "Chiku-Ratte, Olivier-Kenta"]
[Result "1-0"]
[WhiteElo "2517"]
[BlackElo "2278"]
[WhiteFideId "-1"]
[WhiteFideId "-1"]
[PlyCount "149"]
[GameId "2160767738996941"]
[EventDate "2018.07.21"]
[EventType "swiss"]
[EventRounds "9"]
[EventCountry "CAN"]
[WhiteClock "0:03:08"]
[BlackClock "0:01:31"]

1. Nf3 Nf6 2. c4 g6 3. Nc3 Bg7 4. e4 d6 5. d4 O-O 6. h3 c5 7. d5 b5 8. cxb5 a6 9. a4 axb5 10. Bxb5 Ba6 11. Bg5 h6 12. Be3 Qa5 13. O-O Nbd7 14. Bd2 Bxb5 15. Nxb5 Qb6 16. Re1 Ne8 17. Qc1 Kh7 18. Bc3 Nc7 19. Bxg7 Kxg7 20. Qc3+ Kg8 21. Nxc7 Qxc7 22. e5 Nb6 23. e6 Kh7 24. exf7 Rxf7 25. Re4 Nxd5 26. Qd2 Nf6 27. Rh4 Nh5 28. Nh2 Qc6 29. g3 Rf5 30. Re1 e5 31. Ng4 Rg5 32. Nf6+ Kg7 33. Ne4 Nf4 34. Kh2 Rxa4 35. Qxd6 Qxd6 36. Nxd6 Rh5 37. Rxh5 Nxh5 38. Rxe5 Rb4 39. Re7+ Kf6 40. Re2 Kg7 41. Kg2 Nf6 42. Re7+ Kg8 43. Rb7 Rxb7 44. Nxb7 Nd7 45. Nd6 Kf8 46. Ne4 Ke7 47. f4 Ke6 48. Kf3 Kd5 49. Ke3 Nb6 50. Kd3 h5 51. Nf6+ Ke6 52. Ne4 Kd5 53. Nc3+ Ke6 54. b3 Kd6 55. Ke4 Ke6 56. Kd3 Kd6 57. Ne4+ Kc6 58. Nd2 Nd5 59. Ke4 Kd6 60. Nc4+ Ke6 61. Ne5 Nc3+ 62. Kd3 Nd1 63. Nxg6 Nf2+ 64. Ke3 Nd1+ 65. Ke4 Nf2+ 66. Ke3 Nd1+ 67. Kd2 Nf2 68. Ke2 Ne4 69. g4 Kf6 70. Ne5 h4 71. Ke3 Nc3 72. Nd7+ Ke6 73. Nxc5+ Kd5 74. Nd3 Nb5 75. f5 1-0

[Event "Quebec op"]
[Site "Longueuil CAN"]
[Date "2018.07.23"]
[Round "4.2"]
[White "Sai, Krishna GV"]
[Black "Lesiege, Alexandre"]
[Result "1/2-1/2"]
[WhiteElo "2388"]
[BlackElo "2517"]
[WhiteFideId "-1"]
[WhiteFideId "-1"]
[PlyCount "66"]
[GameId "2160767738996944"]
[EventDate "2018.07.21"]
[EventType "swiss"]
[EventRounds "9"]
[EventCountry "CAN"]
[WhiteClock "0:04:30"]
[BlackClock "0:03:08"]

1. e4 e5 2. Nf3 Nc6 3. Bb5 Nf6 4. O-O Nxe4 5. d4 Nd6 6. Ba4 exd4 7. c3 Be7 8. cxd4 Bf6 9. Re1+ Ne7 10. g4 h6 11. h4 b5 12. Bc2 g6 13. Bf4 Bb7 14. Nc3 Bg7 15. Bxd6 cxd6 16. Nxb5 O-O 17. Nxd6 Bxf3 18. Qxf3 Nc6 19. Re8 Qf6 20. Qxf6 Bxf6 21. Rxa8 Rxa8 22. Be4 Rb8 23. b3 Nxd4 24. Rd1 Ne2+ 25. Kf1 Nc3 26. Rd3 Nxa2 27. Rf3 Bxh4 28. Rxf7 Rf8 29. Bxg6 Rxf7 30. Bxf7+ Kf8 31. Bc4 Nc3 32. Kg2 Be7 33. Nb5 Nxb5 1/2-1/2